Kraje z największą liczbą użytkowników JetPunk - Statystyki

Ogólne statystyki
  • Ten quiz został rozwiązany 489 razy
  • Średni wynik to 16 z 24
Statystyki odpowiedzi
% Państwo % Poprawnych
4.75 Polska
99%
27.7 Stany Zjednoczone
95%
3.23 Niemcy
91%
6.67 Francja
88%
1.35 Hiszpania
86%
5.49 Kanada
83%
17.4 Wielka Brytania
83%
1.08 Włochy
79%
0.86 Szwecja
75%
0.73 Norwegia
73%
2.64 Brazylia
69%
1.31 Finlandia
69%
0.52 Dania
61%
1.46 Holandia
58%
2.63 Indie
58%
4.64 Australia
57%
0.91 Belgia
57%
0.66 Turcja
56%
0.88 Irlandia
54%
0.64 Szwajcaria
54%
0.62 Indonezja
36%
0.86 Nowa Zelandia
35%
0.51 Serbia
35%
1.06 Filipiny
20%
Nie znaleziono quizów pasujących do podanych kryteriów
Rozkład punktacji
Procent ludzi z każdym wynikiem
Percentyl według liczby udzielonych odpowiedzi
Twoja historia wyników
Nie rozwiązałeś tego quizu